Statistics for Languages - 10 biggest uralic languages

Click here to take the quiz!

General Stats

  • This quiz has been taken 159 times
    (107 since last reset)
  • The average score is 7 of 10

Answer Stats

#Language% Correct
5,2 milFinnish
100%
14 milHungarian
99%
1,1 milEstonian
96%
128,000Karelian
63%
600,000Mari
63%
42,200Samoyed
55%
566,000Udmurt
53%
380,000Komi
46%
297,000Moksha
41%
518,000Erzya
38%

Score Distribution

Percentile by Number Answered

Percent of People with Each Score

Your Score History

You have not taken this quiz since the last reset